书目信息 |
| 题名: |
环境与资源法律读本
|
|
| 作者: | 曲格平 主编 | |
| 分册: | ||
| 出版信息: | 北京 解放军出版社 2002.03 |
|
| 页数: | 370页 | |
| 开本: | 22cm | |
| 丛书名: | ||
| 单 册: | ||
| 中图分类: | D912.605 | |
| 科图分类: | ||
| 主题词: | 环境保护法--基本知识--世界 , 自然资源保护法--基本知识--世界 | |
| 电子资源: | ||
| ISBN: | 7-5065-4259-5 | |
| 000 | 00983nam0 2200253 4550 | |
| 001 | 192004002160 | |
| 005 | 20070906151854.03 | |
| 010 | @a7-5065-4259-5@dCNY22.00 | |
| 100 | @a20070601d2002 ekmy0chiy0121 ea | |
| 101 | 0 | @achi |
| 102 | @aCN@b110000 | |
| 105 | @ay z 000yy | |
| 200 | 1 | @a环境与资源法律读本@Ahuan jing yu zi yuan fa lv dou ben@d= Legal readings on environment and resources@f曲格平主编@zeng |
| 210 | @a北京@c解放军出版社@d2002.03 | |
| 215 | @a370页@d22cm | |
| 300 | @a并列题名:Legal readings on environment and resources | |
| 330 | @a本书首先介绍了环境法的概念,接着介绍了中国环境法的基本原则与基本制度、中国环境法的法律责任制度、中国环境保护法与典型案例、中国自然资源法与典型案例等内容。 | |
| 510 | 1 | @aLegal readings on environment and resources@zeng |
| 606 | 0 | @a环境保护法@x基本知识@y世界 |
| 606 | 0 | @a自然资源保护法@x基本知识@y世界 |
| 690 | @aD912.605@v4 | |
| 701 | 0 | @a曲格平@Aqu ge ping@4主编 |
| 801 | 0 | @aCN@c20070906 |
| 905 | @dD912.605@eQ787 | |
| 环境与资源法律读本= Legal readings on environment and resources/曲格平主编.-北京:解放军出版社,2002.03 |
| 370页;22cm |
| 并列题名:Legal readings on environment and resources |
| ISBN 7-5065-4259-5:CNY22.00 |
| 本书首先介绍了环境法的概念,接着介绍了中国环境法的基本原则与基本制度、中国环境法的法律责任制度、中国环境保护法与典型案例、中国自然资源法与典型案例等内容。 |
| ● |
| 相关链接 |
|
|
|
正题名:环境与资源法律读本
索取号:D912.605/Q787
 
预约/预借
| 序号 | 登录号 | 条形码 | 馆藏地/架位号 | 状态 | 备注 |
| 1 | 620963 | 206209636 | 社科库509/509社科库 81排4列3层/ [索取号:D912.605/Q787] | 在馆 | |
| 2 | 620964 | 206209645 | 社科库509/509社科库 81排4列3层/ [索取号:D912.605/Q787] | 在馆 | |
| 3 | 620965 | 206209654 | 社科库509/509社科库 81排4列3层/ [索取号:D912.605/Q787] | 在馆 |